<?xml version="1.0" encoding="UTF-8"?>
<record
    xmlns:xsi="http://www.w3.org/2001/XMLSchema-instance"
    xsi:schemaLocation="http://www.loc.gov/MARC21/slim http://www.loc.gov/standards/marcxml/schema/MARC21slim.xsd"
    xmlns="http://www.loc.gov/MARC21/slim">

  <leader>01668nam a22001457a 4500</leader>
  <controlfield tag="005">20210414113912.0</controlfield>
  <controlfield tag="008">120126t        xxu||||| |||| 00| 0 eng d</controlfield>
  <datafield tag="050" ind1=" " ind2=" ">
    <subfield code="a">HC59.K675</subfield>
  </datafield>
  <datafield tag="100" ind1=" " ind2=" ">
    <subfield code="a">Krause, Lawrence B.  </subfield>
    <subfield code="c">Editor</subfield>
  </datafield>
  <datafield tag="245" ind1=" " ind2=" ">
    <subfield code="a">Proceeding of ninth pacific trade and development counternence: minerals resource in the pacific</subfield>
    <subfield code="c">Lawrence B. Krause and Hugh Patrick</subfield>
  </datafield>
  <datafield tag="260" ind1=" " ind2=" ">
    <subfield code="a">San Francisco:</subfield>
    <subfield code="b">Bank of San Francisco,</subfield>
    <subfield code="c">1978.</subfield>
  </datafield>
  <datafield tag="300" ind1=" " ind2=" ">
    <subfield code="a">710 p.:</subfield>
    <subfield code="b">ill.;</subfield>
    <subfield code="c">22cm.</subfield>
  </datafield>
  <datafield tag="505" ind1=" " ind2=" ">
    <subfield code="a">Contents: Introduction -- The Economics and politics of natural resources: The Raw material product cycle -- Mineral trade and investment patterns in the pacific area -- Resource trade and the development process in developing countries -- Ocean mining in the Pacific Basin: Stimuli and response -- National case studies in natural resource problems: Australia's minrals productions and trade: Case study of a resource-rich developed country -- Options for a resource-poor developed country- Japan -- Issues in the development of resource-rich LDCs: Copper in Chile -- Natural resource problems in a resource- poor developing country: The Korean case -- Political economy of mineral resource: Policy alternatives: Comodity trade from a North- South perspective -- Japan's resource security and foreign investment in the Pacific: A Case study of bilateral devices between advanced countries -- The Wider context of bilateral resource exploitation arrangements between the LDC's and the DCs -- International comodity control: The Tin experience -- An organization for pacific trade, Aid and development: Regional arrangements and the resource trade -- Statistical Appendix.</subfield>
  </datafield>
  <datafield tag="942" ind1=" " ind2=" ">
    <subfield code="2">lcc</subfield>
    <subfield code="c">BK</subfield>
  </datafield>
  <datafield tag="999" ind1=" " ind2=" ">
    <subfield code="c">496</subfield>
    <subfield code="d">7996</subfield>
  </datafield>
  <datafield tag="952" ind1=" " ind2=" ">
    <subfield code="0">0</subfield>
    <subfield code="1">0</subfield>
    <subfield code="2">lcc</subfield>
    <subfield code="4">0</subfield>
    <subfield code="7">0</subfield>
    <subfield code="a">WIUC-1</subfield>
    <subfield code="b">WIUC-1</subfield>
    <subfield code="c">GEN</subfield>
    <subfield code="d">2012-01-26</subfield>
    <subfield code="l">0</subfield>
    <subfield code="o">HC59.K675</subfield>
    <subfield code="p">1079/11</subfield>
    <subfield code="r">2012-01-26 00:00:00</subfield>
    <subfield code="t">1</subfield>
    <subfield code="w">2012-01-26</subfield>
    <subfield code="y">BK</subfield>
  </datafield>
</record>
